| 000 | 00623nam a2200241Ia 4500 | ||
|---|---|---|---|
| 008 | 170203s9999 xx 000 0 und d | ||
| 020 | _a0 755411277 | ||
| 050 | _a0 30 | ||
| 050 | _bE137f 2003 | ||
| 100 | _aEldin, Peter. | ||
| 245 | _a500 Fantastic Facts / | ||
| 245 | _cPeter Eldin; Nichola Tyrell. | ||
| 260 | _aLondon : | ||
| 260 | _bGrandreams Ltd., | ||
| 260 | _c2003 | ||
| 300 | _a90 pages : | ||
| 300 | _bcolor illustrations ; | ||
| 300 | _c30 cm. | ||
| 500 | _aIncludes index. | ||
| 650 | _aCuriosities and wonders -- | ||
| 650 | _aCuriosities and wonders. | ||
| 650 | _xJuvenile literature. | ||
| 999 |
_c305845 _d305845 |
||